| 000 | 00957nas a2200337 4500 | ||
|---|---|---|---|
| 001 | BR0101644 | ||
| 003 | BR-BrBNA | ||
| 005 | 20231205102150.0 | ||
| 007 | ta | ||
| 008 | 230509b bl.|||p| |||| 00| 00por d | ||
| 040 |
_aBR-BrBNA _bpor _cBiblioteca Nacional de Agricultura |
||
| 041 | _a(Pt) | ||
| 072 | _aF60 | ||
| 100 | 1 | _aRegina, M. de A. | |
| 100 | 1 | _aPereira, G.E. | |
| 100 | 1 | _aCancado, G.M.A. | |
| 100 | 1 | _aRodrigues, D.J. | |
| 245 | 1 | _aCalculo da area foliar em videira por metodo nao destrutivo | |
| 650 | _aUva | ||
| 650 | _aFisiologia Vegetal | ||
| 650 | _aEvapotranspiracao | ||
| 650 | _aFolha | ||
| 650 | _aNervura | ||
| 650 | _aAmpelografia | ||
| 650 | _aVigor Hibrido | ||
| 650 | _aRadiacao Luminosa | ||
| 650 | _aMinas Gerais | ||
| 773 | 0 |
_tRevista Brasileira de Fruticultura (Brazil) _xISSN 0100-2945 _g(Dec 2000), v. 22(3) p. 310-313 _wBR0101644 |
|
| 909 |
_a202311 _bLúcia _c55 _dLúcia Elande |
||
| 942 |
_2AGRIS _n0 _cANA |
||
| 999 |
_c166086 _d166086 |
||